Estructura y fisionomía de la vegetación terrestre del parque nacional natural Corales del Rosario. Colombia (Registro nro. 9649)

Detalles MARC
000 -CABECERA
Campo de control 010050000a22002650004500
090 ## - CLASIFICACIÓN LOCAL
Colección AR
Consecutivo 00555
041 0# - IDIOMA
Código de idioma para texto/pista de sonido o título separado
100 1# - ASIENTO PRINCIPAL--NOMBRE PERSONAL
Nombre personal Pinilla A., Gabriel Antonio
245 10 - MENCION DE TITULO
Título Estructura y fisionomía de la vegetación terrestre del parque nacional natural Corales del Rosario. Colombia
650 14 - ASIENTO SECUNDARIO DE MATERIA - TERMINO TEMATICO
Término temático o nombre geográfico como elemento de entrada Cobertura vegetal
650 14 - ASIENTO SECUNDARIO DE MATERIA - TERMINO TEMATICO
Término temático o nombre geográfico como elemento de entrada Botánica
650 14 - ASIENTO SECUNDARIO DE MATERIA - TERMINO TEMATICO
Término temático o nombre geográfico como elemento de entrada Bosques tropicales
650 14 - ASIENTO SECUNDARIO DE MATERIA - TERMINO TEMATICO
Término temático o nombre geográfico como elemento de entrada Fisionomía vegetal
651 #4 - ASIENTO SECUNDARIO DE MATERIA - NOMBRE GEOGRAFICO
-- Parque Nacional Natural Corales del Rosario
-- Bolivar
-- Colombia
653 ## - TERMINO DE INDIZACION - NO CONTROLADO
-- Gliricidia
-- Gliricidia sepium
653 ## - TERMINO DE INDIZACION - NO CONTROLADO
-- Astronium
-- Astronium fraxinifolium
653 ## - TERMINO DE INDIZACION - NO CONTROLADO
-- Bursera
-- Bursera simaruba
653 ## - TERMINO DE INDIZACION - NO CONTROLADO
-- Spondias
-- Spondias purpúrea
653 ## - TERMINO DE INDIZACION - NO CONTROLADO
-- Morinda
-- Morinda panamensis
653 ## - TERMINO DE INDIZACION - NO CONTROLADO
-- Astronium
-- Astronium fraxinifolium
700 1# - ASIENTO SECUNDARIO - NOMBRE PERSONAL
Nombre personal Alvarado Chacón, Elvira María
700 1# - ASIENTO SECUNDARIO - NOMBRE PERSONAL
Nombre personal León, Tomas E.
773 1# - Item fuente:
Título Boletín Ecotrópica: Ecosistemas Tropicales
Especificación de materiales 213
Descripción física 22
Paginas del Articulo 3-19
Lugar, editorial y fecha de publicación 1990
942 ## - ELEMENTOS ADICIONALES (KOHA)
Tipo de ítem Artículo
Existencias
Withdrawn status Lost status Damaged status No para préstamo Colección Ubicación Permanente Ubicación actual Fecha de adquisición Fuente de Valor Datos de publicación Seriada Total Checkouts Número topográfico Inventario / Código de Barras Date last seen Ejemplar Price effective from Forma de adquisición Tipo de material
      No para Préstamo Hemeroteca Bogotá Bogotá 27/02/2015 Fernández, Fernando Fuera de circulación   AR 00555 010867 25/03/2015 1 25/03/2015   Artículo